|
|
|
|
| LEADER |
01371nam a2200337 a 4500 |
| 001 |
30714 |
| 003 |
BD-DhAAL |
| 005 |
20151220171429.0 |
| 008 |
151214s2012 enk b 001 0 eng |
| 010 |
|
|
|a 2012932680
|
| 020 |
|
|
|a 9780199581429 (pbk.)
|
| 040 |
|
|
|a DLC
|c DLC
|d BD-DhAAL
|
| 042 |
|
|
|a pcc
|
| 043 |
|
|
|a e-uk---
|
| 050 |
0 |
0 |
|a KD1269
|b .D385 2012
|
| 082 |
0 |
0 |
|2 21
|a 346.41048
|
| 100 |
1 |
|
|a Davis, Jennifer,
|d 1964-
|9 15551
|
| 245 |
1 |
0 |
|a Intellectual property law /
|c Jennifer Davis.
|
| 250 |
|
|
|a 4th ed.
|
| 260 |
|
|
|a Oxford, U.K. :
|b Oxford University Press,
|c c2012.
|
| 300 |
|
|
|a lv, 394 p. ;
|c 24 cm.
|
| 490 |
0 |
|
|a Core text series
|
| 500 |
|
|
|a Includes index at the end of the books.
|
| 505 |
0 |
|
|a An introduction to intellectual property -- Copyright -- Confidential information -- Passing off -- Trade marks -- Patents -- Industrial design.
|
| 526 |
|
|
|a SOL
|
| 541 |
|
|
|e 30714
|
| 650 |
|
0 |
|a Intellectual property
|z Great Britain.
|9 15552
|
| 942 |
|
|
|2 ddc
|c BK
|
| 999 |
|
|
|c 35867
|d 35867
|
| 952 |
|
|
|0 0
|1 0
|2 ddc
|4 0
|6 346_410480000000000_DAV
|7 0
|9 56399
|a BRACUL
|b BRACUL
|c GEN
|d 2015-12-14
|e Trim Education
|g 3892.00
|l 5
|m 44
|o 346.41048 DAV
|p 3010030714
|r 2023-03-18
|s 2023-03-12
|t 1
|y BK
|
| 952 |
|
|
|0 0
|1 0
|2 ddc
|4 0
|6 346_410480000000000_DAV
|7 0
|9 56400
|a BRACUL
|b BRACUL
|c GEN
|d 2015-12-14
|e Trim Education
|g 3892.00
|l 6
|m 42
|o 346.41048 DAV
|p 3010030715
|r 2026-01-06
|s 2025-11-10
|t 2
|y BK
|